|
|
|
|
| LEADER |
00000nab a2200000 a 4500 |
| 001 |
vtls000390639 |
| 003 |
SK-MaSNL |
| 005 |
20260303134610.0 |
| 008 |
230217c1990 xo 0 cze |
| 015 |
|
|
|a SNBRB19rr/mm-uuuuu
|
| 035 |
|
|
|a CL0390763
|
| 035 |
|
|
|a urn:nbn:sk:snk-ab2pgf
|
| 035 |
|
|
|a (urnnbn)urn:nbn:sk:snk:ar-a02qak
|
| 035 |
|
|
|a (uuid)8358736e-58a8-4988-a0f9-faf43f8dba8e
|
| 040 |
|
|
|a SNKBUCL
|b slo
|c SNKBUCL
|e AACR2
|
| 041 |
0 |
|
|a cze
|
| 044 |
|
|
|a xo
|c SK
|
| 080 |
|
|
|a 631.001.5(430)
|2 1981
|
| 100 |
1 |
|
|a Kvapilík, Jindřich,
|d 1945-
|4 aut
|9 6293
|
| 245 |
1 |
0 |
|a Zemědělský výzkum ve Spolkové republice Německo
|c Jindřich Kvapilík
|
| 650 |
0 |
7 |
|a poľnohospodárstvo
|2 snkbucl
|9 679
|
| 650 |
0 |
7 |
|a Spolková republika Nemecko
|2 snkbucl
|9 514854
|
| 650 |
0 |
7 |
|a výskumy poľnohospodárske
|2 snkbucl
|9 928402
|
| 655 |
|
7 |
|a články z novín a časopisov
|2 snkbucl
|9 267496
|
| 773 |
0 |
|
|t Ekonomika poľnohospodárstva
|g Roč. 29, č. 7 (1990), s. 330
|
| 850 |
|
|
|a Slovenská národná knižnica v Martine
|a MTA001
|
| 852 |
|
|
|a SNK
|b KIS3GCP
|
| 954 |
|
|
|a odborná, vedecká literatúra cudzojazyčná (svetová)
|2 lita
|
| 958 |
|
|
|a RK
|
| 958 |
|
|
|a CZ
|
| 958 |
|
|
|a OND
|
| 958 |
|
|
|a EUIPO
|
| 958 |
|
|
|a article27
|
| 992 |
|
|
|a RBX
|
| 999 |
|
|
|c 1961113
|d 1963043
|